000 00533nam a22001697a 4500
005 20251108164018.0
008 250721s1992 xx 000 0 ara d
082 1 4 _a210.413343/محم
100 1 _aالصايم، محمد
245 1 0 _aحوار مع الشياطين و تجربتي العملية في إخراج الجان و إبطال السحر /
264 1 _aالقاهرة :
_bدار الفضيلة،
_c1992.
300 _a111ص.
650 1 7 _aالإسلام
650 1 7 _aالسحر
942 _2ddc
_cBK
999 _c1394
_d1394